Study of the rubber -metal bond (Record no. 69816)

MARC details
000 -LEADER
fixed length control field 00324nam a2200133Ia 4500
100 ## - MAIN ENTRY--AUTHOR NAME
Personal name Buchan S
245 #0 - TITLE STATEMENT
Title Study of the rubber -metal bond
260 ## - PUBLICATION, DISTRIBUTION, ETC. (IMPRINT)
Name of publisher IRI Transactions
Year of publication 1945
300 ## - PHYSICAL DESCRIPTION
Number of Pages 266-278
650 ## - SUBJECT ADDED ENTRY--TOPICAL TERM
Topical Term Rubber-metal bond
700 ## - ADDED ENTRY--PERSONAL NAME
Personal name Shanks J R
942 ## - ADDED ENTRY ELEMENTS (KOHA)
Koha item type Journals
Holdings
Withdrawn status Lost status Damaged status Not for loan Home library Current library Shelving location Date acquired Serial Enumeration / chronology Koha item type
      Journals RRII Library RRII Library Rubber chemistry 17/12/2021 Volume 21, Issue 4 Journals